Les plus hauts sommets français par massif - Statistiques

Statistiques générales
  • Ce quiz a été pris 207 fois
  • Le résultat moyen est 5 sur 13
Statistiques - réponses
Massif Altitude Sommet % Correct
Alpes du Nord 4810m Mont Blanc
99%
Vosges 1424m Grand Ballon
64%
Massif Central 1885m Puy de Sancy
56%
Alpes du Sud 4101m Barre des Ecrins
49%
Mascareignes (la Réunion) 3070m Piton des Neiges
47%
Corse 2706m Monte Cinto
39%
Jura 1720m Crêt de la Neige
35%
Pyrénées 3298m Vignemale
33%
Martinique 1397m Montagne Pelée
29%
Guadeloupe 1467m Soufrière
18%
Armoricain 416m Avaloirs
8%
Guyane 851m Bellevue
0%
Mayotte 660m Mont Bénara
0%
Aucun quiz correspondant
Distribution des résultats
% des personnes avec chaque résultat
Percentile par nombre de réponses
Votre historique - résultats
Vous n’avez pas pris ce quiz